000 00609nam a2200193Ia 4500
001 9091
008 140326s9999 xx 000 0 und d
020 _a0-538-80315-0
040 _cPK-LaUMT
082 _a 657.046
_bFIS-A
100 _aFischer, Paul M.
245 _aAdvanced accounting
_bstudent companion enrichment manual
_cFischer, Paul M.<>Taylor, William James, J.T.; (Leer, J. Arthur), J.
260 _aCincinnati:
_bSouth-Western Publishing Co.,
_c1990
300 _a1196 p.
546 _aEN
650 _aAccounting
700 _aTaylor, William James, J.T.; (Leer, J. Arthur), J.
942 _cBK
999 _c10288
_d10288